[Event "Corus"]
[Site "Wijk aan Zee"]
[Date "2005.01.28"]
[Round "11"]
[White "Kramnik, Vladimir"]
[Black "Grischuk, Alexander"]
[Result "1/2-1/2"]
[WhiteElo "2754"]
[BlackElo "2710"]
[Annotator "Tyomkin,D"]
[PlyCount "134"]
[EventDate "2005.01.15"]
[EventType "tourn"]
[EventRounds "13"]
[EventCountry "NED"]
[EventCategory "19"]
[SourceTitle "CBM 105"]
[Source "ChessBase"]
[SourceDate "2005.04.11"]
[SourceVersion "1"]
[SourceVersionDate "2005.04.11"]
[SourceQuality "1"]

{This game was the last chance of the World Champion Kramnik to fight for the
top places in Corus 2005, but Corus simply isn't his tournament. And this game
was one of the most interesting (there were many!) and intensive games of
Corus 2005!} 1. e4 d6 2. d4 Nf6 3. Nc3 g6 4. f4 Bg7 5. Nf3 c5 6. e5 Nfd7 7.
exd6 cxd4 {7...0-0 is the main continuation here, black also tried 7...exd6
but without much success.} 8. Nb5 {Kramnik definitely did not prepare this,
while Grischuk probably spent some time on this variation at home.} (8. Nxd4
O-O 9. Be3 Nf6 (9... e5 $5) 10. Be2 exd6 (10... Qxd6 $142 $1) 11. O-O Re8 12.
Qd2 Nbd7 13. f5 $36 {1/2-1/2 Sax,G-Sapi,L/Hungary 1974/MCD (40)}) 8... O-O 9.
Nc7 Nc5 $146 {This move definitely changes the evaluation of the whole line.} (
9... exd6 10. Nxa8 Nc6 (10... Re8+ 11. Be2 Nc6 12. O-O Nc5 13. Bb5 Bg4 14. h3
Bxf3 15. Qxf3 Qxa8 16. f5 Ne5 17. Qd5 $16 {1/2-1/2 Weber,A-Pleyer,R/Passau
1997/EXT 2001 (52)}) 11. Be2 Nc5 12. O-O $16 {1-0 Gonzalez Custodio,R-Medina,J/
Ceuta 1993/EXT 97 (26)}) 10. Nxa8 {[%mdl 1024]} (10. Nxd4 exd6 (10... Qxd6 11.
Ndb5 Qxd1+ 12. Kxd1 a6 13. Nxa8 axb5 $44) 11. Nxa8 Re8+ {with a strong
intiative - the white king will stay in the centre here more likely.}) 10...
Qxd6 11. Bd3 Nc6 12. O-O Be6 {Grischuk had some other tempting moves, and I am
not sure he chose the best one.} (12... Nxd3 13. cxd3 (13. Qxd3 Bf5 $15) 13...
Bf5 $44) (12... Nb4 $5) 13. Ng5 Bd5 14. f5 $1 {Aggresive move by the World
Champion - it opens files and diagonals on the kingside, as well as white
intends Bf4.} Rxa8 15. fxg6 (15. Qg4 Ne5 $15) 15... hxg6 16. Qg4 {[%cal Gg4h4,
Gg4h3]} Nxd3 17. cxd3 f6 18. Nf3 (18. Ne4 f5 $1 19. Nxd6 fxg4 20. Nxb7 Nb4 {
[%cal Gb4c2,Yd5b7] and black is definitely not worse in this ending.}) 18...
Bf7 (18... f5 19. Qh3 {[%cal Gf3g5]}) 19. Nh4 Ne5 (19... Nb4 $5 20. Bd2 (20.
Nxg6 $2 f5 $17) (20. Rf3 f5 21. Qg5 Qf6 {and black looks good here.}) 20...
Nxd3 21. Nxg6 f5 22. Qf3 Qxg6 23. Qxd3 Bd5 $15 {[%cal Ge7e5]}) 20. Qg3 Qd7 $2 {
Alex was already in some time trouble her... Qe6 was a better move - the black
queen is closer to the kingside in that case, which is important in variations
mentioned below.} (20... Qe6 21. Bf4 (21. Bd2 Qg4 22. Qxg4 Nxg4 {[%cal Gg4e5]})
21... g5 22. Bxg5 (22. Bxe5 gxh4 {and no Qf2 move as in the Qd7 line.}) 22...
fxg5 23. Nf5 Bf6 {the black queen on e6 is very useful again!} 24. h4 g4 $1 25.
Rae1 Bg6 26. Qxg4 Qxf5 $1) 21. Bf4 g5 22. Bxg5 $6 {Kramnik plays this game
aggresively - he wanted to win this game badly to come back in the tournament..
. But it seems like 22.Bxe5 guarantees white some advantage, while the game
line allows black to escape.} (22. Bxe5 $142 gxh4 23. Qf2 {[%csl Yd4][%cal
Yf2f7]} Rd8 24. Rac1 $14 Bg6 25. Rc7 Qd5 26. Bf4 Bxd3 (26... e5 27. Rxg7+ Kxg7
28. Bh6+ Kxh6 29. Qxh4+ Kg7 30. Qxf6+ Kh7 31. Rf3 $16 {black must give up a
queen for white rook to stop white's attack here.}) 27. Rd1 Be4 28. Qxh4 {
and white must be better here, however black still has some couunterplay.})
22... fxg5 23. Nf5 Bg6 {23...Bf6 doesn't help, unlike in the 20...Qe6
variation.} (23... Bf6 24. h4 (24. Rae1 Ng6 25. Nh6+ (25. Qh3 Qd5 {and no
danger for black.}) 25... Kg7 26. Nxf7 Kxf7 27. Qxg5 Kg7 {and black is safe.})
24... Be6 25. hxg5 Bh8 26. Nh6+ Kh7 27. Rae1 Ng6 28. Qh2 Kg7 29. Qh3 $3 Nf4 30.
Qg3 Ng6 31. Qg4 $1 Nf8 32. Qe4 $16 {[%cal Rf1f8]}) 24. Nxg7 Nf7 25. Rxf7 $1 {
The only way to save the white knight - Kramnik definitely saw this blow when
playing 22.Bxg5.} Kxf7 26. Qe5 Bxd3 (26... Qd6 27. Rf1+ Kg8 28. Qxd6 exd6 29.
Nf5 Re8 {and I don't see more than a draw for white here.}) 27. Rd1 Rg8 {
it seems like black escapes by 27...Qb5 move.} (27... Qb5 28. Qxd4 e5 29. Qxd3
Qxd3 30. Rxd3 Kxg7 31. Rd7+ Kf6 32. Rxb7 Rc8 $1 33. Rxa7 Rc1+ 34. Kf2 Rc2+ 35.
Kf3 g4+ $1 36. Kg3 Rxb2 {and probably this is just a draw.}) 28. Rxd3 Rxg7 29.
Rxd4 Qe6 30. Qxe6+ {White can keep queens on the board, however this doesn't
give white real winning chances.} (30. Qg3 Rg6 $1 {and black looks safe.})
30... Kxe6 {This rook ending must be objectively a draw, although white wins a
pawn in many lines.} 31. Rb4 b6 32. Ra4 a5 (32... Rg8 33. Rxa7 Rc8 34. b4 Rc2 {
very close to a draw here too.}) 33. b4 axb4 $2 {Grischuk attempts to screw it
up.} (33... Kf5 $1 34. bxa5 bxa5 35. Rxa5+ e5 36. Rb5 (36. h3 Rc7 $11 {[%cal
Gc7c2]}) 36... Ra7 37. Rb2 g4 38. Kf2 Ra3 {and this is just a dead draw.}) 34.
Rxb4 Kf5 35. Rxb6 e5 36. a4 Ke4 37. Rb3 Ra7 38. Ra3 $18 Ra5 {Just compare this
position with the position which arises at the end of 33...Kf5 where black has
a rook on a3 and white pawn is still on a2.... Now black is in trouble.} 39. h3
Kf4 (39... Kd4 40. Kf2 Kc5 41. Kf3 Kb4 42. Ra1 $18) 40. Kf2 Ke4 41. g3 g4 $1 {
the best chance!} (41... Kd4 42. Kf3 e4+ 43. Ke2 e3 44. Rd3+ Kc5 45. Rxe3 Rxa4
46. Re5+ $18) 42. hxg4 $1 (42. h4 Kd4 43. h5 e4 44. h6 Rf5+ 45. Kg2 e3 46. h7
Rf2+ $1 47. Kg1 Rf8 48. a5 Ke4 $1 (48... e2 49. h8=Q+ Rxh8 50. Kf2 $18) 49. a6
e2 $11 {and no h8Q with a check as in the 48...e2 line.}) 42... Kd4 (42... Kd5
43. Ke3 $18) 43. g5 Kd5 44. Ke3 Ke6 45. Ke4 Kf7 46. Kd3 $2 {Very strange that
Kramnik with his super endgame technique failed to find the following simple
way to win ...} (46. Kf5 Kg7 47. g4 Kf7 48. g6+ Kg7 49. Ra2 $1 {Zugzwang!} Kg8
50. Kf6 e4 51. Rb2 Ra6+ 52. Kg5 e3 (52... Rxa4 53. Rb8+ Kg7 54. Rb7+ Kg8 55.
Kh6 Ra8 56. Re7 {-see the main line how to win this ending with two pawns "g"
of white.}) 53. Kh6 Ra8 54. a5 Re8 55. Re2 Re6 56. a6 Rxa6 57. Rxe3 Ra8 58. g5
Rb8 59. Re6 $1 {to prevent the following stalemate idea.} (59. g7 Rb6+ 60. g6
Rxg6+ $1) 59... Rd8 60. g7 Rc8 61. Rf6 Rd8 62. Rf8+ Rxf8 63. gxf8=Q+ Kxf8 64.
Kh7 $18) 46... Kg6 47. Kc4 Kxg5 48. Kb4 Ra6 $1 {And again Alex finds the most
resistant move.} (48... Ra8 49. a5 e4 50. Kc4 $1) 49. a5 e4 50. Kc4 (50. Kb5
Re6 51. Re3 Re5+ 52. Kb4 Re6 $11) 50... Rd6 $3 (50... Kg4 51. Kd4 Kf5 52. Ke3
Rg6 53. Ke2 Ra6 54. Ra4 $1 {Zugzwang!} Ke5 55. Ke3 Kf5 56. g4+ $1 Kxg4 57. Kxe4
$18) 51. a6 (51. Kc5 {Mueller,Karsten} Rd3 (51... Ra6 $2 52. Kd4 Kf5 53. Ke3
$18) 52. Ra4 (52. Ra1 Kg4 (52... e3 $2 53. a6 e2 54. a7 Rd1 55. a8=Q e1=Q 56.
Qg8+ $18) 53. a6 Kxg3 54. a7 Rd8 $11) 52... e3 53. Re4 Kf5 54. Re8 Kf6 55. Kc4
Ra3 56. Kb4 Kf7 57. Re5 Kf6 58. Re4 Rd3 59. a6 Rd6 60. Kb5 Rd3 61. a7 Ra3 62.
Kb6 Rb3+ 63. Kc7 Rc3+ 64. Kb7 Rb3+ $11) 51... e3 52. a7 (52. Kb5 Re6 53. a7 e2
54. Ra1 (54. a8=Q e1=Q 55. Qg8+ Kh6 56. Qh8+ Kg6 57. Qg8+ {white doesn't have
more than a perpetual check here - the white rook can't join the attack.})
54... Re8 55. Re1 Re5+ 56. Kb4 Re4+ 57. Kc5 Re5+ 58. Kc6 Re6+ $11 {when white
king goes to d-file, black will move the rook to a-file.}) 52... e2 53. a8=Q
e1=Q 54. Ra5+ {White starts checking first and has an extra pawn, but the
existence of this pawn actually allows black to save the game - the black king
will hide behind this pawn.} (54. Qg8+ Rg6 55. Qd8+ Rf6 56. Ra5+ Kg4 $1 {
[%cal Ge1a5]} 57. Qd4+ Kh3 58. Rh5+ Kg2 59. Qxf6 Qe2+ {[%cal Ge2h5]}) 54... Kg4
55. Qg8+ Kf3 $1 (55... Kh3 56. Rh5+ Kg2 57. Qa8+ $18) 56. Qf7+ Kg2 $1 (56...
Kxg3 $4 57. Rg5+) 57. Ra2+ Kg1 58. Qa7+ Kf1 59. Qf7+ Kg1 60. Qa7+ Kf1 61. Ra1 {
But even here black has a defense!} Rd1 62. Qf7+ Kg1 63. Qa7+ Kf1 64. Rxd1 Qxd1
{This ending is a draw, but Kramnik makes it easy for black - after the next
of white black has a perpetual or wins the g-pawn.} 65. Qd4 Qa4+ 66. Kd3 Qb3+
67. Qc3 Qd5+ (67... Qd5+ 68. Ke3 Kg2 $1) 1/2-1/2

[Event "Poikovsky Karpov 06th"]
[Site "Poikovsky"]
[Date "2005.02.26"]
[Round "1"]
[White "Bacrot, Etienne"]
[Black "Grischuk, Alexander"]
[Result "1-0"]
[WhiteElo "2715"]
[BlackElo "2710"]
[Annotator "Gavrikov,V"]
[PlyCount "121"]
[EventDate "2005.02.26"]
[EventType "tourn"]
[EventRounds "9"]
[EventCountry "RUS"]
[EventCategory "18"]
[SourceTitle "CBM 106"]
[Source "ChessBase"]
[SourceDate "2005.06.06"]
[SourceVersion "1"]
[SourceVersionDate "2005.06.06"]
[SourceQuality "1"]

1. d4 {Ftacnik} Nf6 2. c4 e6 3. Nc3 Bb4 4. Nf3 c5 5. g3 O-O 6. Bg2 cxd4 7. Nxd4
d5 8. cxd5 Nxd5 9. Qb3 ({Formerly} 9. Bd2 {was played more often, but White
can hardly count on a plus after} Bxc3 ({Practice has also seen} 9... Nxc3 10.
bxc3 Be7 11. Rb1 {/\ Rxb7} (11. O-O e5 12. Nc2 Nc6 13. Ne3 Be6 14. c4 Rc8 15.
Nd5 Bc5) 11... a6 12. O-O e5 13. Nc2 Nc6 14. Ne3 Bc5 15. Qc2 f5 {0-1 Diesen,
M-Gligoric,S/Lone Pine 1979/MCL (60)}) 10. bxc3 e5 {, for example:} 11. Nb5 (
11. Nb3 Nc6 12. O-O Nb6 ({or} 12... Nde7 13. c4 Qc7) 13. Be3 Qc7 {gives Black
sufficient counterplay, too.}) 11... Nc6 12. O-O Be6 13. Bc1 a6 14. c4 Nb6 (
14... Nde7 15. Nd6 b6 16. Ba3 Ra7 {/\ Rd7 0-1 Campos Moreno,J-David,A/Moscow
1994/CBM 044 ext (65)}) 15. Nd6 Nxc4 16. Nxb7 Qb6 (16... Qxd1 17. Rxd1 Nd4 18.
Nc5 Rad8 {1/2-1/2 Ksieski,Z-Szymczak,Z/Polanica Zdroj 1983/MCD (25)} 19. Kf1
$13) 17. Qb3 Qd4 18. Ba3 Nxa3 (18... Nd2 19. Qd1 Nxf1 20. Bxf8 Rxf8 21. Kxf1
Rc8) 19. Qxa3 Qb4 20. Qxb4 Nxb4 $11 {1/2-1/2 Piket,J-Kortschnoj,V/Nijmegen
1993/CBM 036 (27)}) 9... Qa5 ({Sometimes Black chooses another move order} 9...
Nc6 10. Nxc6 bxc6 11. O-O Qa5 {when White usually transposes to the text by}
12. Bd2) ({Not so good is the alternative} 9... Qb6 {because of} 10. Bxd5 exd5
11. Be3 Qa5 12. Rc1 Nc6 13. O-O Bh3 14. Rfd1 Rfd8 {1/2-1/2 Gonzalez Velez,
F-Ayas Fernandez,A/Barbera 1997/EXT 99 (47)} 15. a3 Bxc3 16. Qxc3 {and Black´s
position is devoid of active play.}) 10. Bd2 Nc6 11. Nxc6 bxc6 12. O-O Bxc3 13.
bxc3 ({The continuation} 13. Bxc3 Nxc3 14. bxc3 Ba6 15. Qb4 Qxb4 (15... Qe5 16.
Rfe1 Rab8 17. Qa3 Rb6 18. Rad1 h6 {1/2-1/2 Miladinovic,I-Schmaltz,R/Fuerth
2002/CBM 091 (24)} 19. Rd7 $5) 16. cxb4 Rab8 17. a3 Bxe2 18. Rfc1 Rfc8 19. Bxc6
Kf8 20. f4 Ke7 21. Kf2 Ba6 {1/2-1/2 Moiseenko,A-Zugic,I/Toronto 2003/CBM 095
ext (38) does not promise White any advantage.}) 13... Ba6 14. Rfd1 Qc5 ({
It is necessary to remove the queen from the opposition with the white bishop
because after} 14... Rab8 15. c4 $1 Qc5 16. cxd5 Rxb3 17. axb3 Bxe2 18. Re1
cxd5 (18... Bb5 19. dxc6 Rc8 (19... Bxc6 $2 20. Rac1) 20. Rac1 Qb6 21. Be3 Qa5
22. Red1 $14 h6 23. Rd7 Rc7 $4 24. b4 {1-0 Nilssen,J-Carstensen,J/Holbaek 2001/
EXT 2002 (24)}) 19. Rxe2 Qb5 20. Ree1 Qxb3 21. Rxa7 {1-0 Fish,G-Fedorchuk,S/
Alushta 2000/EXT 2001 (51) White´s prospects are preferable.}) 15. e4 Bc4 16.
Qa4 Nb6 17. Qb4 Qh5 ({Worse is} 17... Qxb4 18. cxb4 Rfd8 19. Be3 Bb5 {1/2-1/2
Fish,G-Shipov,S/Yalta 1996/EXT 98 (31)} 20. f4 $14) 18. Bf4 $5 {A new try.} ({
Earlier between the same players occurred} 18. Be3 Be2 19. Re1 (19. Rd2 Rab8
20. Bxb6 axb6 21. Qd6 Rfc8 22. Rb1 h6 23. e5 Bf3 $11 {1/2-1/2 Bacrot,E-Leko,P/
Moscow 2004/CBM 102 (27)}) 19... Nc4 20. Qc5 Rfd8 21. e5 $6 Nb2 $1 22. Qxc6 Nd3
23. Qxa8 Rxa8 24. Bxa8 Nxe1 25. Rxe1 a5 26. Rb1 h6 27. Rb8+ Kh7 28. Be4+ g6 $15
{1/2-1/2 Bacrot,E-Grischuk,A/Cap d'Agde 2003/CBM 098 (68)}) 18... c5 19. Qb2 e5
{'?' Ftacnik. Ftacnik: 'A serious strategical error, vene though the pawn on
e5 should have replaced the missing dark squared bishop.'} (19... Be2 20. Re1
Bf3 21. Qb5 Bxg2 22. Kxg2 Rac8 23. a4 {looks slightly unpleasant for Black.}) (
19... Rfd8 $1 {Ftacnik} 20. f3 Bd3 21. Bc7 Rd7 22. Bxb6 axb6 23. Qxb6 Qe5 24.
Rdc1 Rb8 25. f4 Rxb6 26. fxe5 c4 $11) 20. Be3 Rfc8 (20... Be2 {Ftacnik} 21. Re1
Bd3 22. Bxc5 Na4 23. Qa3 Nxc5 24. Qxc5 Rfc8 25. Qa5 $14) 21. f3 Qg6 (21... Rab8
{Ftacnik} 22. Qf2 Be6 23. Rab1 Nc4 24. Bxc5 $14) 22. a4 {'!?' Ftacnik.} a5 ({
Probably less justified is} 22... Rab8 23. Rab1 Qc6 (23... Nd7 {Ftacnik} 24.
Qd2 Rxb1 25. Rxb1 $14) 24. a5 Nd7 25. Qc2 Be6) 23. Bh3 Be6 $2 {A strange
decision because it is evident that the ending is difficult for Black. Ftacnik:
'The transfer to the endgame with opposite coloured bishops is an attempt to
lessen white's pressure. Bacrot was right in his assesment, that his chances
for succes will be excellent.'} ({After the correct} 23... Rcb8 24. Qa3 (24.
Qf2 Bb3) 24... Be2 $1 {it would appear that a draw is the limit of White´s
dreams,e.g.} 25. Rdb1 (25. Bf5 Qc6 26. Re1 (26. Rdb1 Nc4 27. Rxb8+ Rxb8 28.
Qxc5 Qxc5 29. Bxc5 g6 30. Bd7 Bxf3 31. Bb5 Rc8) 26... Bxf3 27. Qxc5 Qxc5 (27...
Bxe4 28. Bxe4 Qxe4 29. Bd4 Qg6 30. Qxe5) 28. Bxc5 Nc4 29. Kf2 Bh5 30. g4 Bg6
$132) 25... Bxf3 (25... Bd3 {Ftacnik} 26. Qxc5 $1 Bxb1 27. Rxb1 Nxa4 28. Rxb8+
Rxb8 29. Qxe5 $16) 26. Qxc5 Qh5 27. Bf5 (27. Bf1 $2 {is bad in view of} Nd7 28.
Rxb8+ (28. Qd5 Nf6) 28... Rxb8 29. Qc7 Bxe4 $1 30. Qxd7 Qf3 31. Bd2 Qh1+ 32.
Kf2 Qxh2+ 33. Ke1 Qxg3+ 34. Kd1 Bf3+ 35. Kc2 Qg6+ 36. Kc1 Qg1 37. Qd3 (37. Qh3
$2 Be2 38. Kc2 Qg6+ 39. Kc1 Qb6 $1) 37... Qh1 $1 38. Qc4 Bg2 39. Kc2 Be4+ 40.
Kc1 Rd8 $1 41. Be1 Qh6+ 42. Kb2 Rb8+ 43. Ka2 Qh2+ 44. Qe2 (44. Be2 Bf5 $1 {
/\ Be6}) 44... Bd5+ 45. Ka3 Rb3+ 46. Ka2 Rxc3+ 47. Kb2 Rb3+ 48. Kc2 Qf4 {
with decisive threats}) 27... g6 28. Rxb6 ({or} 28. Qxe5 Nd7 29. Qc7 Rxb1+ 30.
Rxb1 gxf5 31. Qxd7 Bxe4 32. Rf1 Qe2 33. Qd2 Qxd2 34. Bxd2 Rc8 $11 {/\ Rc4})
28... Rxb6 29. Qxb6 gxf5 30. exf5 Qxf5 (30... Be4 31. Qf6 Qf3 32. Qg5+ Kh8 33.
Qf6+ $11) 31. Rf1 Qe4 32. Qh6 f6 {and} 33. Bg5 $1 Bh1 (33... Qe2 34. Rf2 Qe1+
35. Rf1 Qe2 $11) 34. Qh3 $1 fxg5 35. Qe6+ Kh8 36. Qf6+ {leads to a perpetual
check.}) (23... Rc6 {Ftacnik} 24. Qd2 Re8 25. Rab1 h6 26. Qd8 Rxd8 27. Rxd8+
Kh7 28. Bf5 $16) 24. Qxb6 Bxh3 25. Qxg6 fxg6 (25... hxg6 {Ftacnik} 26. g4 f5
27. Rd5 fxg4 28. fxg4 Bxg4 29. Bxc5 $16) 26. Kf2 Be6 27. Rab1 Rab8 (27... Rc7 {
intending to meet} 28. Rb5 {with} Bd7 {deserves attention.}) 28. Rxb8 Rxb8 29.
Bxc5 Kf7 $6 (29... Rc8 30. Bb6 Rxc3 31. Bxa5 Rc2+ 32. Rd2 Rc4 33. Ra2 Bd7 {
is more tenacious.}) 30. Bd6 Rb2+ 31. Ke3 Kf6 32. Bc7 Bc4 $2 ({The only way to
create counterplay was} 32... Rxh2 $1 33. Bxa5 Ra2 (33... Bb3 $6 34. Rd6+ Kf7
35. Bc7 Bxa4 36. Rd5) 34. Bd8+ Kf7 35. Bc7 (35. a5 Bc4 36. Rd2 Ra3 37. Rc2 g5)
35... Kf6 36. a5 Bc4 {and in the position which arises after} 37. Rd6+ (37. f4
exf4+ 38. gxf4 Ke7) 37... Ke7 38. Rd2 Rxd2 39. Kxd2 Ke6 40. f4 exf4 41. Bxf4 (
41. gxf4 h5) 41... h6 42. Ke3 g5 43. Bc7 Ba6 44. Kd4 h5 45. Bd8 g4 46. c4 Bb7 {
the win is problematic for White.}) 33. Rd6+ $1 Ke7 34. Rd2 {Forcing the
exchange of rooks because Black is unable to save the game.} Rxd2 35. Kxd2 Ke6
36. f4 {'!' Ftacnik.} exf4 37. gxf4 Bb3 38. Bxa5 Bxa4 39. Ke3 Bb5 40. Bb6 Ba6
41. Bd4 Kf7 42. Be5 Bb7 43. Kd4 h6 (43... Bc6 44. c4 Bb7 45. Bd6 Ke6 46. e5 Kf5
47. Kc5 Ba6 48. Kb4 Bc8 49. Kb5 Kxf4 50. e6+ Kf5 51. e7 Bd7+ 52. Kb6 Ke6 53. c5
g5 54. Kc7 Be8 55. Kd8 Kf7 56. Be5 g6 57. Bf6 h6 58. Bg7 h5 59. Bh6 g4 60. Bg5
Bb5 61. Kc7 $18 {followed by c6.}) 44. c4 g5 45. fxg5 hxg5 46. Bd6 Ke6 47. e5
Kd7 48. Kc5 Ba6 49. Bf8 g6 50. Kb4 Kc6 (50... Ke6 51. Bd6 g4 52. Bb8 Kd7 53. c5
Bd3 54. Bd6 Be2 (54... Be4 55. Kb5 Bd5 56. Kb6 Be4 57. Bf8 Bd5 58. c6+ $1 Bxc6
59. e6+ $18) 55. Ka5 Kc6 56. e6 Bc4 57. e7 Bf7 58. Ka6 Be8 59. Ka7 g5 60. Kb8
Bd7 61. Bg3 $22 $18) 51. e6 Bc8 52. e7 Kd7 (52... Bd7 53. Kc3 g4 54. Kd4 Be8
55. Ke5 Kc5 56. Bh6 Kxc4 57. Kd6 Kd4 58. Kc7 Ke4 59. Kd8 Bc6 60. Bg5 Kf3 61.
Bh4 $18) 53. Kc5 Ba6 54. Kd5 g4 55. c5 Bb7+ 56. Ke5 g5 57. Kf5 Bf3 58. Kxg5 Ke8
59. Kf4 Be2 60. Ke5 Kd7 61. c6+ (61. c6+ Ke8 62. Kd6 Bf3 63. c7 Bb7 64. Kc5 Bc8
65. Kb6 Kd7 66. Ka7 $18) 1-0

[Event "Poikovsky Karpov 06th"]
[Site "Poikovsky"]
[Date "2005.03.01"]
[Round "4"]
[White "Grischuk, Alexander"]
[Black "Rublevsky, Sergei"]
[Result "1-0"]
[WhiteElo "2710"]
[BlackElo "2650"]
[Annotator "Huzman,A"]
[PlyCount "77"]
[EventDate "2005.02.26"]
[EventType "tourn"]
[EventRounds "9"]
[EventCountry "RUS"]
[EventCategory "18"]
[SourceTitle "CBM 106"]
[Source "ChessBase"]
[SourceDate "2005.06.06"]
[SourceVersion "1"]
[SourceVersionDate "2005.06.06"]
[SourceQuality "1"]

1. d4 {Ftacnik} d5 2. Nf3 e6 3. c4 dxc4 4. e3 c5 5. Bxc4 a6 6. O-O Nf6 7. Bb3
b5 8. a4 b4 9. Nbd2 Be7 10. e4 cxd4 11. e5 Nfd7 12. Nc4 Nc6 13. Nxd4 Ncxe5 14.
Bf4 {Ftacnik: 'White is choosing a risky variation, in which he get's the
bishop's pair and prevents the enemy's castling - all at cost of a single pawn.
'} Nxc4 15. Nc6 Qb6 16. Nxe7 Kxe7 17. Bxc4 Bb7 18. Qb3 $1 {[%cal Gb3b4,Gb3g3,
Gg3g7][%mdl 4] White changes the evaluation of this opening line by this
strong multifunctional move. Ftacnik: 'The praxis so far has proven, that the
chances are aproximatelly equal, providing that black will take great care at
choosing each move. '} Nc5 $6 (18... Qc6 $142 19. f3 $1 (19. Qxb4+ Ke8 20. f3
Qb6+ 21. Qxb6 Nxb6 $11 22. Bd3 $14 {Ftacnik}) 19... Kf6 20. Rfc1 Rhd8 21. Bf1
Qb6+ 22. Be3 Qd6 23. Qc4 {[%cal Gc4h4]} h6 24. Rd1 Bd5 25. Qg4 $40) (18... Rhd8
19. Rfc1 $1 (19. Be3 Nc5 (19... Qc6 20. Qxb4+ Ke8 21. f3 $16) 20. Qc2 Qc6 21.
f3 Nd7 22. Rfc1 Nf6 23. Qb3 Qd6 $13) (19. Qg3 Rac8 20. a5 Qc6 21. Rac1 Kf8 22.
Be2 Nc5) 19... Kf8 (19... a5 20. Qg3 $1 e5 21. Bg5+ f6 22. Be3 $18) 20. a5 $16)
(18... Rhc8 $5 19. Rfd1 Nc5 20. Qe3 (20. Qh3 Ne4 21. Be3 Qa5 22. Bd3 Qf5 23.
Qh4+ g5 24. Qh5 $36) 20... Kf8 21. Be5 Qc6 22. Qg3 $40) (18... Rac8 19. Rfd1
$44) 19. Qe3 $1 Qc6 (19... Rhd8 $142 20. Rfc1 (20. Be5 f6 (20... Qc6 21. Qg5+
$16) 21. Bd4 Rac8 22. a5 Qd6 23. Rfd1 e5 $13) 20... Kf8 21. Bf1 Rac8 22. a5 Qc6
23. Rc4 $16) 20. f3 Rhd8 21. Rfc1 Rac8 22. Qe1 $1 {[%cal Ge1b4,Ge1h4][%mdl 32]
White gets big advantage due to one more multifunctional move!} Ke8 (22... Kf8
23. Qxb4 $16) (22... Qb6 23. Qh4+ Kf8 24. a5 Qa7 25. Be3 Kg8 26. Bf1 $18 {
[%cal Ge3a7]}) 23. Bg5 (23. Be3 $5 Qd7 24. Qxb4 Nd3 25. Bxd3 Qxd3 26. Bc5 Rd5
$13) 23... Rd4 $2 (23... Rd7 $1 24. Qxb4 (24. Qh4 h6 25. Be3 Qd6 26. Bf1 Nb3
27. Rxc8+ Bxc8 28. Re1 Nd4) (24. Be3 Qd6 25. Qxb4 Nd3 $11) 24... Qd6 25. Bf1
Qd4+ 26. Qxd4 Rxd4 27. Be3 Rxa4 28. Rxa4 Nxa4 29. Rxc8+ Bxc8 30. b3 (30. Bd4 f6
31. f4 a5 32. Bd3 $1 (32. b3 e5 $1 33. fxe5 fxe5 34. Bxe5 Nc5 $11) 32... Ke7
33. Bc2 Bd7 34. b3 e5 35. fxe5 fxe5 36. Bxe5 Nc5 37. Bxg7 Be6 38. Bxh7 $16)
30... Nc3 31. Bd4 $16) 24. Be3 Rd7 $2 (24... Qd7 $142 25. Bxd4 Qxd4+ 26. Kh1
$16) 25. Qxb4 $18 Qd6 (25... Rdc7 $142 26. Bf1 Qd5 27. Rd1 Qh5 28. Rac1 $16) (
25... Qc7 26. Bf1 Rd5 27. Rc3 a5 28. Qa3 $18 {[%cal Ga1c1]}) 26. Bf1 a5 (26...
Rdc7 27. Rxc5 Rxc5 28. Qxb7 $18) 27. Qa3 (27. Qb5 $1 Ba6 (27... Na6 28. Rd1 Qe7
29. Rxd7 Qxd7 30. Qxa5 $18) 28. Rxc5 Bxb5 29. Rxc8+ Rd8 30. Bxb5+ Ke7 31. Bc5
$18) 27... Rdc7 (27... Nd3 28. Rxc8+ Bxc8 29. Qc3 $18 {[%cal Gc3c8,Gc3g7]}) 28.
Bb5+ $1 Ke7 29. Rc3 $1 {[%cal Ga1c1,Gc1c5,Ga3c5,Ge3c5] Black can't keep his N
on c5 and after a mass exchange White gets a winning endgame.} Nd7 (29... Na6
30. Rxc7+ Rxc7 31. Qxd6+ Kxd6 32. Rd1+ Ke7 (32... Ke5 33. Bb6 Rc2 34. Rd7 $18)
33. Bb6 $18) 30. Rxc7 Rxc7 31. Qxd6+ $1 Kxd6 32. Bd2 Rc2 33. Bxa5 Rxb2 34. Rc1
(34. Bc3 Rc2 35. Bxg7 $18) 34... Nf6 (34... Bd5 35. Bc3 Rb3 36. Bxg7 $18) 35.
Bc7+ $1 Kd5 (35... Ke7 36. Be5 $18) 36. Rd1+ Kc5 37. Be5 $1 Ra2 (37... Rb3 38.
Rc1+ Kb6 39. Bd4+ Ka5 40. Rc7 $18) (37... Rc2 38. Bd4+ Kb4 39. Bd3 Rc7 40. Rb1+
Ka3 (40... Kxa4 41. Be5 Re7 42. Bd6 $18) 41. Bb2+ Ka2 42. Be5 Re7 (42... Rd7
43. Bc2 Ka3 44. Bb2+ Ka2 45. Bc3 $18) 43. Bc2 $18) 38. Bd4+ Kb4 39. Rb1+ (39.
Rb1+ Ka5 40. Bc3+ Kb6 41. Bc4+ $18) 1-0